| 000 | 01318cam a2200397 a 4500 | ||
|---|---|---|---|
| 001 | 54450 | ||
| 005 | 20230410132614.0 | ||
| 008 | 041101s2004 nyu b 000 1 eng d | ||
| 010 | _a 2004559893 | ||
| 035 | _a(OCoLC)ocm56401798 | ||
| 040 |
_aORX _cORX _dDLC _dBAKER _dNLGGC _dBTCTA _dYDXCP |
||
| 020 | _a0142437913 | ||
| 020 | _a9780142437919 | ||
| 029 | 1 |
_aNLGGC _b272675644 |
|
| 029 | 1 |
_aNZ1 _b9145484 |
|
| 050 | 1 | 4 |
_aPR 6013 _bG799o 2004 |
| 049 | _aGRAL | ||
| 100 | 1 |
_aGreene, Graham, _d1904-1991. |
|
| 245 | 1 | 0 |
_aOrient express : _ban entertainment / _cGraham Greene ; introduction by Christopher Hitchens. |
| 250 | _aDeluxe ed. | ||
| 260 |
_aNew York : _bPenguin Books, _c2004. |
||
| 300 |
_a197 p. ; _c22 cm. |
||
| 440 | 0 | _aPenguin classics | |
| 500 | _a"Graham Greene centennial, 1904-2004"--Cover. | ||
| 504 | _aIncludes bibliographical references (p. xv-xvi). | ||
| 650 | 0 |
_aOrient Express (Express train) _vFiction. |
|
| 650 | 0 |
_aRailroad travel _vFiction. |
|
| 651 | 0 |
_aEurope _vFiction. |
|
| 655 | 7 |
_aSuspense fiction. _2gsafd |
|
| 650 | 7 | _aSuspense fiction. | |
| 938 |
_aBaker & Taylor _bBKTY _c15.00 _d11.25 _i0142437913 _n0006019156 _sactive |
||
| 938 |
_aBaker and Taylor _bBTCP _n2004559893 |
||
| 938 |
_aYBP Library Services _bYANK _n2143889 |
||
| 942 |
_2lcc _cbk |
||
| 994 |
_aC0 _bDRFGD |
||
| 999 |
_c84511 _d84511 |
||